000
00227nam a22001097a 4500
999
_c
12225
_d
12225
008
191126b ||||| |||| 00| 0 eng d
082
_a
150
100
_a
Braj Kumar
245
_a
Psychology
250
_a
2nd ed.
260
_c
2016